01165 a2200193 4500001000500000005001700005008004100022003001500063040004000078080008400118245006300202250001200265264003300277300002500310505049200335041000800827100002300835856011300858335120260407155428.0260407a2005 arg spa dAR-UNSa-BCEJYS aAR-UNSa-BCEJYSbspacAR-UNSa-BCEJYS a347.73xOrganizaciones comerciales. Derecho financiero (títulos de crédito)10aTítulos de créditopletra de cambio, pagaré y cheque a8a. ed. 1aBuenos Aires :bAstreac2005 axxxi, 471 p.c23 cm. a1. Introducción - 2. La obligación cambiaria - 3. Obligados cambiarios - 4. Circulación - 5. Garantías cambiarias - 6. Institutos cambiarios poco usuales y cancelación - 7. Vencimiento y extinción de las obligaciones cambiarias - 8. Cheque - 9. Acciones cambiarias - 10. Defensas sustanciales y excepciones - 11. Otras acciones emergentes del ordenamiento cambiario - 12. Problemática internacional de los títulos de crédito - 13. Panorama de los títulos de crédito aspa1 aEscuti, Ignacio A.41uhttps://biblioeco.unsa.edu.ar/pmb/images/libros/Titulos de credito-l87490.jpgyImagen de portadaqimage/jpeg